Textbook on the Bharatiya Sakshya Adhiniyam, 2023/ (Record no. 1269275)

MARC details
000 -LEADER
fixed length control field 00650nam a22002177a 4500
005 - DATE AND TIME OF LATEST TRANSACTION
control field 20250326111505.0
008 - FIXED-LENGTH DATA ELEMENTS--GENERAL INFORMATION
fixed length control field 250326b |||||||| |||| 00| 0 eng d
020 ## - INTERNATIONAL STANDARD BOOK NUMBER
International Standard Book Number 9789395116923
037 ## - SOURCE OF ACQUISITION
Terms of availability TB
040 ## - CATALOGING SOURCE
Original cataloging agency LCT
Transcribing agency LCT
041 ## - LANGUAGE CODE
Source of code eng
Language code of text/sound track or separate title eng
084 ## - COLON CLASSIFICATION NUMBER
Classification number Z2,75,15 R4
245 ## - TITLE STATEMENT
Title Textbook on the Bharatiya Sakshya Adhiniyam, 2023/
250 ## - EDITION STATEMENT
Edition statement 13th ed.
260 ## - PUBLICATION, DISTRIBUTION, ETC.
Place of publication, distribution, etc. Gurgaon, India:
Name of publisher, distributor, etc. Lexis Nexis,
Date of publication, distribution, etc. 2024
300 ## - PHYSICAL DESCRIPTION
Extent civ, 697p.
650 ## - SUBJECT ADDED ENTRY--TOPICAL TERM
Topical term or geographic name entry element Bharatiya Sakshya Adhiniyam, 2023
9 (RLIN) 747583
650 ## - SUBJECT ADDED ENTRY--TOPICAL TERM
Topical term or geographic name entry element Indian Evidence Act, 1872
9 (RLIN) 747564
650 ## - SUBJECT ADDED ENTRY--TOPICAL TERM
Topical term or geographic name entry element Evidence law
9 (RLIN) 681863
942 ## - ADDED ENTRY ELEMENTS (KOHA)
Source of classification or shelving scheme Colon Classification (CC)
Koha item type Textbook
Classification part Z2,75,15 R4
Suppress in OPAC No
Holdings
Withdrawn status Lost status Source of classification or shelving scheme Damaged status Not for loan Collection Home library Current library Shelving location Date acquired Source of acquisition Cost, normal purchase price Inventory number Total Checkouts Full call number Barcode Date last seen Price effective from Koha item type
    Colon Classification (CC)     Non-fiction Law Centre-II Library Law Centre-II Library General Stacks 2025-03-26 Singhal 850.00 2716/09.01.2025   Z2,75,15 R4 LT0028979 2025-03-26 2025-03-26 Textbook
    Colon Classification (CC)     Non-fiction Law Centre-II Library Law Centre-II Library General Stacks 2025-03-26 Singhal 850.00 2716/09.01.2025   Z2,75,15 R4 LT0028980 2025-03-26 2025-03-26 Textbook
Copyright @ Delhi University Library System